000 00544nam a22001817a 4500
999 _c26533
_d26533
003 BDDh-ASL
005 20231015030644.0
008 211013s1963 p ||||| |||| 00| 0 u d
040 _aBDDh-ASL
_cBDDh-ASL
082 _a297.0902
_bTAR
100 1 _94968
_aSuyuti, Jalaluddin
245 1 0 _aTarikhul Khulafa : / تاريخ الخلفاء
260 _aKarachi :
_bNafees Academy ,
_c1963.
300 _a520 p. :
_c25 cm.
650 0 _aCaliphate
_xIslam
_xKhilafat
_xHistory
_94819
700 1 _94969
_aAhmad, Iqbaluddin
942 _2ddc
_cBK